[Event "FRA-ch Youth U20 2019"]
[Site "Hyeres"]
[Date "2019.04.15"]
[Round "3.2"]
[White "Pigeat, Alexandre"]
[Black "Pillard, Valentin"]
[Result "1-0"]
[WhiteElo "2347"]
[BlackElo "2093"]
[Annotator "NA"]
[PlyCount "86"]
[EventDate "2019.04.14"]
[EventType "swiss"]
[EventCountry "FRA"]
[SourceTitle "playchess.com"]
[Source "ChessBase"]
[SourceQuality "1"]
[TimeControl "5400+30"]

1. d4 {[%emt 0:00:00]} Nf6 {[%emt 0:02:44]} 2. c4 {[%emt 0:00:44]} e6 {[%emt 0:00:10]} 3. Nc3 {[%emt 0:00:10]} Bb4 {[%emt 0:00:07]} 4. e3 {[%emt 0:00:11]} O-O {[%emt 0:00:11]} 5. Nge2 {[%emt 0:00:17]} c6 {[%emt 0:02:17]} (5... Re8 6. a3 Bf8 7. d5 d6 8. g3 exd5 9. cxd5 c5 10. Bg2 Nbd7 11. O-O c4 12. Nd4 Nc5 13. Qe2 Nd3 14. b3 Nxc1 15. Rfxc1 cxb3 {½-½ (74) Caruana,F (2822)-So,W (2780) Saint Louis 2018}) 6. a3 {[%emt 0:00:49] E46: Nimzo-Indian: Rubinstein: 4 e3 0-0 5 Ne2 without early Bd3} Ba5 {[%emt 0:00:06]} 7. Qc2 {[%emt 0:02:53]} d6 {[%emt 0:04:49]} 8. Ng3 $146 {[%emt 0:02:40]} ({Predecessor:} 8. g3 e5 9. Bg2 Re8 10. O-O Nbd7 11. b3 Nf8 12. dxe5 dxe5 13. Bb2 {0-1 (39) Mihajlov,S (2257)-Csonka,A (2339) Bilbao 2014}) 8... e5 {[%emt 0:02:32]} 9. dxe5 {[%emt 0:02:49]} dxe5 {[%emt 0:00:40]} 10. Bd3 {[%emt 0:00:41]} Na6 {[%emt 0:04:15]} 11. b4 {[%emt 0:00:36] [#]} Bxb4 $1 {[%emt 0:00:34]} 12. O-O {[%emt 0:00:28]} Be7 {[%emt 0:09:23]} 13. Qe2 {[%emt 0:06:24]} (13. Na4 $142) 13... Nc5 {[%emt 0:05:58]} 14. Bc2 {[%emt 0:00:11]} g6 {[%emt 0:03:36]} 15. Bb2 {[%emt 0:01:21]} Bg4 {[%emt 0:00:54]} 16. f3 {[%emt 0:00:21]} Be6 {[%emt 0:00:08]} 17. f4 {[%emt 0:06:34]} Bg4 {[%emt 0:09:39]} (17... Qb6 $19 {and Black stays clearly on top.} 18. fxe5 Qxb2 19. exf6 Qxc3 20. fxe7 Rfe8) 18. Qf2 {[%emt 0:02:47]} exf4 {[%emt 0:01:28]} ({Black should try} 18... Bc8 $17 19. h3 Qb6) 19. Qxf4 {[%emt 0:00:43]} Ne6 {[%emt 0:18:40]} 20. Qf2 {[%emt 0:08:39]} Ng7 {[%emt 0:03:17]} 21. h3 {[%emt 0:02:26] [#]} Be6 $17 {[%emt 0:00:11]} 22. Nce2 {[%emt 0:11:00]} Nfh5 {[%emt 0:04:00]} 23. Nxh5 {[%emt 0:10:59]} Nxh5 {[%emt 0:00:17]} 24. Nd4 {[%emt 0:03:00]} Ng7 {[%emt 0:05:34]} 25. Rad1 {[%emt 0:04:21]} Qb6 {[%emt 0:02:55]} 26. Bc3 {[%emt 0:02:55]} Bxc4 {[%emt 0:01:51]} 27. Rfe1 {[%emt 0:05:11]} Rad8 {[%emt 0:02:33]} 28. Qf4 {[%emt 0:00:41]} Rd5 {[%emt 0:01:43]} 29. Nf3 {[%emt 0:03:37]} Rxd1 {[%emt 0:02:26]} 30. Rxd1 {[%emt 0:00:05]} Be6 {[%emt 0:01:38]} 31. Bd4 {[%emt 0:00:49]} Qa5 {[%emt 0:01:28]} 32. Rb1 {[%emt 0:04:34]} Nf5 {[%emt 0:05:49]} 33. Rxb7 {[%emt 0:05:34]} Bd6 {[%emt 0:01:30]} 34. Qg5 {[%emt 0:01:01]} h6 {[%emt 0:01:26]} 35. Qf6 {[%emt 0:00:43]} Nxd4 {[%emt 0:00:09]} 36. exd4 {[%emt 0:03:32]} Qa6 {[%emt 0:01:49]} 37. Rb1 {[%emt 0:02:01]} Qc8 {[%emt 0:00:59]} 38. Re1 {[%emt 0:02:20]} Bg3 {[%emt 0:00:35]} 39. Re3 {[%emt 0:01:30]} Bf5 {[%emt 0:00:19]} 40. Bb3 {[%emt 0:00:27]} Qd8 {[%emt 0:00:47]} 41. Bxf7+ {[%emt 0:00:09]} Kh7 {[%emt 0:00:00]} 42. Re7 {[%emt 0:00:18]} Qxe7 {[%emt 0:00:59]} 43. Qxe7 {[%emt 0:00:07]} Bd6 {[%emt 0:00:31]} 1-0

[Event "FRA-ch Youth U20 2019"]
[Site "Hyeres"]
[Date "2019.04.15"]
[Round "3.3"]
[White "Galaud, Vincent"]
[Black "Eugene, Floryan"]
[Result "0-1"]
[WhiteElo "2035"]
[BlackElo "2294"]
[Annotator "NA"]
[PlyCount "100"]
[EventDate "2019.04.14"]
[EventType "swiss"]
[EventCountry "FRA"]
[SourceTitle "playchess.com"]
[Source "ChessBase"]
[SourceQuality "1"]
[TimeControl "5400+30"]

1. e4 {[%emt 0:00:00]} e5 {[%emt 0:01:17]} 2. Nf3 {[%emt 0:00:00]} Nc6 {[%emt 0:00:06]} 3. Nc3 {[%emt 0:00:00]} Nf6 {[%emt 0:00:11]} 4. d4 {[%emt 0:00:00]} exd4 {[%emt 0:00:06]} 5. Nxd4 {[%emt 0:00:00]} Bb4 {[%emt 0:01:13]} 6. Nxc6 {[%emt 0:00:07]} bxc6 {[%emt 0:00:03]} 7. Bd3 {[%emt 0:00:09]} d5 {[%emt 0:00:18]} 8. exd5 {[%emt 0:00:07]} cxd5 {[%emt 0:04:29]} 9. O-O {[%emt 0:00:10]} O-O {[%emt 0:00:02]} 10. Bg5 {[%emt 0:00:08]} c6 {[%emt 0:00:08]} 11. Qf3 {[%emt 0:00:04]} Bd6 {[%emt 0:08:22]} 12. h3 {[%emt 0:07:31]} Re8 {[%emt 0:04:14] C47: Scotch Four Knights and Four Knights with 4 g3} (12... h6 13. Bf4 Rb8 14. b3 Rb4 15. Bxd6 Qxd6 16. Rfe1 a5 17. Rad1 Bd7 18. Qe3 Rc8 19. Qa7 Rh4 20. Re3 Qc7 21. Qxc7 Rxc7 {½-½ (57) Carlsen,M (2839)-Ding,L (2804) Porto Carras 2018}) 13. Ne2 {[%emt 0:02:04]} Be5 {[%emt 0:02:15]} 14. c3 {[%emt 0:01:22]} h6 {[%emt 0:01:42]} 15. Bf4 $146 {[%emt 0:11:46]} ({Predecessor:} 15. Be3 Bd7 16. Ng3 Rb8 17. Rab1 Qc7 18. Rfe1 c5 19. Bd2 Bc6 20. Rxe5 Rxe5 {0-1 (46) Casas Douton,D-Fernandez Garcia,J (2475) Ponferrada 1992}) 15... Qd6 {[%emt 0:04:56]} 16. Rfe1 {[%emt 0:04:23]} Bd7 {[%emt 0:02:06]} 17. Rad1 {[%emt 0:02:43]} Rab8 {[%emt 0:06:26]} 18. b3 {[%emt 0:01:53]} c5 {[%emt 0:06:58]} 19. Bxe5 {[%emt 0:05:50]} Rxe5 {[%emt 0:00:18]} 20. Ng3 {[%emt 0:01:46]} Rbe8 {[%emt 0:00:19]} 21. Rxe5 {[%emt 0:01:56]} Rxe5 {[%emt 0:00:21]} 22. Bf5 {[%emt 0:07:38]} Bc6 {[%emt 0:01:02]} 23. Qd3 {[%emt 0:04:08]} Qe7 {[%emt 0:08:41]} 24. Qa6 {[%emt 0:06:51]} Be8 $11 {[%emt 0:01:09]} 25. Kh2 {[%emt 0:05:22]} g6 {[%emt 0:00:59]} 26. Bc8 {[%emt 0:05:37]} h5 {[%emt 0:01:31]} 27. Bb7 {[%emt 0:06:31]} h4 {[%emt 0:01:52]} 28. Nf1 {[%emt 0:00:26]} Re6 {[%emt 0:00:02]} 29. Qxa7 {[%emt 0:01:16]} Qc7+ {[%emt 0:00:02]} 30. Kg1 {[%emt 0:00:13]} Rb6 {[%emt 0:00:02]} 31. Ne3 {[%emt 0:05:30]} Qxb7 {[%emt 0:03:48]} 32. Qxb7 {[%emt 0:01:06]} Rxb7 {[%emt 0:00:02]} 33. Nxd5 {[%emt 0:00:17]} Nxd5 {[%emt 0:00:31]} 34. Rxd5 {[%emt 0:00:08]} Rc7 {[%emt 0:00:04]} 35. Re5 {[%emt 0:01:17]} Bd7 {[%emt 0:00:38]} 36. Re4 {[%emt 0:00:44]} Ra7 {[%emt 0:02:54]} 37. Rxh4 {[%emt 0:01:05]} Be6 {[%emt 0:00:36]} 38. Re4 {[%emt 0:01:09]} Rxa2 {[%emt 0:00:17]} 39. Re5 {[%emt 0:00:11]} Ra5 {[%emt 0:00:12]} 40. c4 {[%emt 0:02:10]} Kg7 {[%emt 0:00:50]} 41. Kh2 {[%emt 0:01:07]} Kf6 {[%emt 0:00:08]} 42. f4 {[%emt 0:00:37]} Ra3 {[%emt 0:00:09]} 43. Rxc5 {[%emt 0:00:34]} Rxb3 {[%emt 0:00:02]} 44. Ra5 {[%emt 0:07:58]} Bxc4 {[%emt 0:00:38]} 45. Ra4 {[%emt 0:01:09]} Bb5 {[%emt 0:01:44]} 46. Ra2 {[%emt 0:00:11]} Kf5 {[%emt 0:00:23]} 47. Rf2 {[%emt 0:00:08]} Re3 {[%emt 0:00:22]} 48. Rb2 {[%emt 0:03:03]} Bc4 {[%emt 0:00:31]} 49. Rf2 {[%emt 0:00:07]} Re2 {[%emt 0:00:40]} 50. Rf3 {[%emt 0:01:40]} Bd5 {[%emt 0:00:11]} 0-1

[Event "FRA-ch Youth U20 2019"]
[Site "Hyeres"]
[Date "2019.04.15"]
[Round "3.4"]
[White "Roque, Gaetan"]
[Black "Roussel, Simon"]
[Result "1-0"]
[WhiteElo "2029"]
[BlackElo "2126"]
[Annotator "NA"]
[PlyCount "103"]
[EventDate "2019.04.14"]
[EventType "swiss"]
[EventCountry "FRA"]
[SourceTitle "playchess.com"]
[Source "ChessBase"]
[SourceQuality "1"]
[TimeControl "5400+30"]

1. d4 {[%emt 0:07:35]} Nf6 {[%emt 0:00:00]} 2. c4 {[%emt 0:00:05]} e6 {[%emt 0:00:00]} 3. Nf3 {[%emt 0:00:12]} b6 {[%emt 0:00:14]} 4. g3 {[%emt 0:00:11]} Ba6 {[%emt 0:02:39]} 5. Qc2 {[%emt 0:00:31]} d5 {[%emt 0:01:50]} 6. Ne5 {[%emt 0:11:54]} dxc4 {[%emt 0:06:56]} 7. Bg2 {[%emt 0:02:03]} Nd5 {[%emt 0:01:08]} 8. Nc3 {[%emt 0:14:20]} c6 {[%emt 0:05:34]} 9. Ne4 $17 {[%emt 0:06:22]} (9. O-O $11 {remains equal.}) 9... Nb4 {[%emt 0:08:34]} 10. Qb1 {[%emt 0:08:52]} Be7 {[%emt 0:09:15]} 11. a3 {[%emt 0:02:59]} Nd5 {[%emt 0:02:36]} 12. Qc2 {[%emt 0:01:02]} b5 {[%emt 0:02:31]} 13. Bd2 {[%emt 0:04:11]} Bb7 {[%emt 0:02:52]} 14. h4 {[%emt 0:02:09]} Nd7 {[%emt 0:03:14]} 15. Bg5 {[%emt 0:08:11]} N7f6 {[%emt 0:09:51]} 16. O-O {[%emt 0:04:18]} Nxe4 {[%emt 0:07:52]} 17. Bxe7 {[%emt 0:00:07]} Qxe7 {[%emt 0:00:41]} 18. Bxe4 {[%emt 0:01:46]} f6 {[%emt 0:04:12]} 19. Nf3 {[%emt 0:12:39]} f5 {[%emt 0:03:30]} 20. Bxd5 {[%emt 0:00:06]} cxd5 {[%emt 0:00:01]} 21. Qd2 {[%emt 0:00:51]} a5 {[%emt 0:05:08]} 22. Ne5 {[%emt 0:03:04]} O-O {[%emt 0:05:59]} 23. Qg5 {[%emt 0:01:10]} Qxg5 {[%emt 0:03:32]} 24. hxg5 {[%emt 0:00:02]} Bc8 {[%emt 0:08:39]} 25. Kg2 {[%emt 0:00:22]} Ra7 {[%emt 0:00:46]} 26. Rh1 {[%emt 0:00:43]} Bd7 {[%emt 0:02:29]} 27. Rh2 {[%emt 0:01:11]} Be8 {[%emt 0:00:44]} 28. Rah1 {[%emt 0:00:54]} g6 {[%emt 0:00:14]} 29. f4 {[%emt 0:03:00]} Rc7 {[%emt 0:00:22]} 30. Rc1 {[%emt 0:00:49]} Kg7 {[%emt 0:00:21]} 31. Kf3 {[%emt 0:00:51]} Rh8 {[%emt 0:01:50]} 32. Rh6 {[%emt 0:00:04]} b4 {[%emt 0:00:34]} 33. axb4 {[%emt 0:00:23]} axb4 {[%emt 0:00:02]} 34. b3 {[%emt 0:01:04]} c3 {[%emt 0:01:05]} 35. Nd3 {[%emt 0:00:30]} Rb7 {[%emt 0:00:24]} 36. Nc5 {[%emt 0:00:21]} Rb6 {[%emt 0:00:38]} 37. Ra1 {[%emt 0:00:01]} Bf7 {[%emt 0:00:50]} 38. Ra7 {[%emt 0:02:31]} Rhb8 {[%emt 0:01:03]} 39. Rh1 {[%emt 0:00:19]} Rc8 {[%emt 0:00:29]} 40. Ke3 {[%emt 0:00:21]} Rbc6 {[%emt 0:00:21]} 41. Rha1 {[%emt 0:00:35]} Kg8 {[%emt 0:00:44]} 42. Rb7 {[%emt 0:00:15]} Rxc5 {[%emt 0:00:35]} 43. dxc5 {[%emt 0:00:06]} Rxc5 {[%emt 0:00:01]} 44. Rxb4 {[%emt 0:01:01]} c2 {[%emt 0:00:31]} 45. Rc1 {[%emt 0:00:09]} Rc3+ {[%emt 0:00:40]} 46. Kd2 {[%emt 0:00:02]} Rxg3 {[%emt 0:00:12]} 47. Rxc2 {[%emt 0:00:01]} h5 {[%emt 0:01:00]} 48. Rc8+ {[%emt 0:00:06]} Kg7 {[%emt 0:00:05]} 49. Rc7 {[%emt 0:00:03]} h4 {[%emt 0:01:42]} 50. Rbb7 h3 {[%emt 0:00:00]} 51. Rxf7+ {[%emt 0:00:07]} Kg8 {[%emt 0:00:00]} 52. Rfc7 {[%emt 0:00:04]} 1-0

[Event "FRA-ch Youth U20 2019"]
[Site "Hyeres"]
[Date "2019.04.16"]
[Round "4.1"]
[White "Laronche, Thomas"]
[Black "Pigeat, Alexandre"]
[Result "0-1"]
[WhiteElo "2107"]
[BlackElo "2347"]
[Annotator "NA"]
[PlyCount "98"]
[EventDate "2019.04.14"]
[EventType "swiss"]
[EventCountry "FRA"]
[SourceTitle "playchess.com"]
[Source "ChessBase"]
[SourceQuality "1"]
[TimeControl "5400+30"]

1. Nf3 {[%emt 0:00:00]} Nf6 {[%emt 0:00:33]} 2. g3 {[%emt 0:00:00]} d6 {[%emt 0:01:10]} 3. d4 {[%emt 0:00:30]} Bf5 {[%emt 0:01:59]} 4. Bg2 {[%emt 0:00:54]} Qc8 {[%emt 0:04:14]} 5. c4 {[%emt 0:21:09]} c6 {[%emt 0:03:56]} 6. Nc3 {[%emt 0:01:10]} Bh3 {[%emt 0:03:28]} 7. Bxh3 {[%emt 0:04:41]} Qxh3 {[%emt 0:00:07]} 8. e4 {[%emt 0:00:12]} h6 {[%emt 0:15:37]} 9. Qe2 {[%emt 0:04:38]} Nfd7 {[%emt 0:05:05]} 10. Be3 {[%emt 0:10:39]} e5 {[%emt 0:09:30]} 11. O-O-O {[%emt 0:09:16]} Be7 {[%emt 0:07:12]} 12. Nh4 {[%emt 0:03:26]} g6 {[%emt 0:06:40]} 13. Nf3 {[%emt 0:00:11]} Qe6 {[%emt 0:01:48]} 14. d5 {[%emt 0:05:51]} Qf6 {[%emt 0:00:54]} 15. Ne1 {[%emt 0:00:21]} c5 {[%emt 0:02:14]} 16. Nd3 {[%emt 0:05:52]} a6 {[%emt 0:01:34]} 17. f4 {[%emt 0:00:25]} Qg7 {[%emt 0:01:20]} 18. fxe5 {[%emt 0:00:40]} dxe5 {[%emt 0:01:47]} 19. Qf2 {[%emt 0:04:54]} b6 {[%emt 0:00:43]} 20. g4 {[%emt 0:03:39]} O-O {[%emt 0:00:53]} 21. h4 {[%emt 0:04:18]} b5 {[%emt 0:04:02]} 22. b3 {[%emt 0:05:18]} bxc4 {[%emt 0:00:09]} 23. bxc4 {[%emt 0:00:07]} Nb6 {[%emt 0:04:22]} 24. Bxc5 {[%emt 0:04:13]} Bxc5 {[%emt 0:00:06]} 25. Qxc5 {[%emt 0:00:05]} N8d7 {[%emt 0:00:05]} 26. Qd6 {[%emt 0:00:05]} Rfd8 {[%emt 0:00:57]} 27. Nb2 {[%emt 0:03:41]} Rac8 {[%emt 0:01:06]} 28. Rh2 {[%emt 0:00:10]} Nxc4 {[%emt 0:03:45]} 29. Nxc4 {[%emt 0:00:16]} Rxc4 {[%emt 0:00:05]} 30. Rc2 {[%emt 0:01:00]} Qf6 {[%emt 0:03:47]} 31. Qxf6 {[%emt 0:01:11]} Nxf6 {[%emt 0:00:02]} 32. g5 {[%emt 0:00:23]} Nxe4 {[%emt 0:02:27]} 33. Nxe4 {[%emt 0:00:11]} Rxe4 {[%emt 0:00:04]} 34. d6 {[%emt 0:00:05]} hxg5 {[%emt 0:02:11]} 35. hxg5 {[%emt 0:01:03]} Rg4 {[%emt 0:00:09]} 36. Rc6 {[%emt 0:01:19]} Rxg5 {[%emt 0:01:11]} 37. Rxa6 {[%emt 0:00:11]} e4 {[%emt 0:00:20]} 38. Rd4 {[%emt 0:01:57]} Re5 {[%emt 0:01:18]} 39. Kd2 {[%emt 0:00:40]} Re6 {[%emt 0:00:29]} 40. Ke3 {[%emt 0:01:29]} f5 {[%emt 0:00:20]} 41. Rd5 {[%emt 0:01:23]} Rd7 {[%emt 0:01:05]} 42. Rc6 {[%emt 0:00:20]} Kf7 {[%emt 0:01:29]} 43. a4 {[%emt 0:00:17]} Kf6 {[%emt 0:00:37]} 44. a5 {[%emt 0:00:22]} g5 {[%emt 0:00:05]} 45. a6 {[%emt 0:00:02]} f4+ {[%emt 0:00:07]} 46. Ke2 {[%emt 0:00:25]} g4 {[%emt 0:00:49]} 47. Rb6 {[%emt 0:01:49]} e3 {[%emt 0:00:14]} 48. Rb7 {[%emt 0:00:13]} f3+ {[%emt 0:00:06]} 49. Ke1 {[%emt 0:00:11]} e2 {[%emt 0:01:07]} 0-1

[Event "FRA-ch Youth U20 2019"]
[Site "Hyeres"]
[Date "2019.04.16"]
[Round "4.2"]
[White "Eugene, Floryan"]
[Black "Roque, Gaetan"]
[Result "1-0"]
[WhiteElo "2294"]
[BlackElo "2029"]
[Annotator "NA"]
[PlyCount "105"]
[EventDate "2019.04.14"]
[EventType "swiss"]
[EventCountry "FRA"]
[SourceTitle "playchess.com"]
[Source "ChessBase"]
[SourceQuality "1"]
[TimeControl "5400+30"]

1. e4 {[%emt 0:00:02]} d6 {[%emt 0:00:00]} 2. d4 {[%emt 0:00:32]} Nf6 {[%emt 0:00:01]} 3. Nc3 {[%emt 0:00:07]} Nbd7 {[%emt 0:00:03]} 4. Nf3 {[%emt 0:03:28]} e5 {[%emt 0:00:06]} 5. Bc4 {[%emt 0:00:11]} Be7 {[%emt 0:00:04]} 6. a4 {[%emt 0:00:10]} c6 {[%emt 0:00:30]} 7. O-O {[%emt 0:04:11]} O-O {[%emt 0:00:05]} 8. Re1 {[%emt 0:03:32]} a5 {[%emt 0:00:16]} 9. h3 {[%emt 0:02:06]} exd4 {[%emt 0:00:50]} 10. Qxd4 {[%emt 0:06:03]} Nc5 {[%emt 0:03:28]} 11. Be3 {[%emt 0:01:25]} Qc7 {[%emt 0:04:53]} 12. Rad1 {[%emt 0:03:17]} Be6 {[%emt 0:13:39]} 13. Bf4 {[%emt 0:08:05]} Bxc4 {[%emt 0:05:19]} 14. Qxc5 {[%emt 0:01:04]} dxc5 {[%emt 0:00:26]} 15. Bxc7 {[%emt 0:00:04]} Rfc8 {[%emt 0:03:15]} 16. Bd6 {[%emt 0:02:01]} Bxd6 {[%emt 0:05:23]} 17. Rxd6 {[%emt 0:00:05]} Ne8 {[%emt 0:00:04]} 18. Rd2 {[%emt 0:01:44]} Rd8 {[%emt 0:04:58]} 19. Red1 {[%emt 0:00:24]} Rxd2 {[%emt 0:00:07]} 20. Rxd2 {[%emt 0:00:02]} Kf8 {[%emt 0:00:08]} 21. Ne5 {[%emt 0:06:32]} Be6 {[%emt 0:00:37]} 22. Nd7+ {[%emt 0:00:05]} Bxd7 {[%emt 0:14:09]} 23. Rxd7 {[%emt 0:00:05]} b5 {[%emt 0:00:04]} 24. e5 {[%emt 0:09:22]} Rb8 {[%emt 0:03:55]} 25. Ra7 {[%emt 0:20:09]} f6 {[%emt 0:07:46]} 26. f4 {[%emt 0:02:08]} fxe5 {[%emt 0:07:52]} 27. fxe5 {[%emt 0:00:05]} bxa4 {[%emt 0:00:09]} 28. Nxa4 {[%emt 0:00:05]} c4 {[%emt 0:00:12]} 29. Rxa5 {[%emt 0:05:16]} Rb4 {[%emt 0:06:44]} 30. c3 {[%emt 0:01:11]} Rb5 {[%emt 0:00:04]} 31. Ra6 {[%emt 0:00:04]} Rxe5 {[%emt 0:07:22]} 32. Rxc6 {[%emt 0:00:09]} Ke7 {[%emt 0:00:26]} 33. Rxc4 {[%emt 0:00:11]} Kd6 {[%emt 0:00:26]} 34. b4 {[%emt 0:01:21]} Nc7 {[%emt 0:00:18]} 35. Rd4+ {[%emt 0:03:19]} Kc6 {[%emt 0:00:59]} 36. c4 {[%emt 0:00:07]} Ne6 {[%emt 0:00:06]} 37. b5+ {[%emt 0:00:08]} Kc7 {[%emt 0:00:10]} 38. Rd1 {[%emt 0:01:22]} Re4 {[%emt 0:02:49]} 39. Rc1 {[%emt 0:00:17]} Nf4 {[%emt 0:00:05]} 40. Nc3 {[%emt 0:02:11]} Re3 {[%emt 0:03:44]} 41. Nd5+ {[%emt 0:01:35]} Nxd5 {[%emt 0:00:09]} 42. cxd5+ {[%emt 0:00:01]} Kb6 {[%emt 0:00:41]} 43. d6 {[%emt 0:01:00]} Rd3 {[%emt 0:01:01]} 44. Rc7 {[%emt 0:00:05]} g6 {[%emt 0:00:43]} 45. Rxh7 {[%emt 0:00:12]} Rxd6 {[%emt 0:00:04]} 46. Kf2 {[%emt 0:00:24]} Kxb5 {[%emt 0:00:09]} 47. Rc7 {[%emt 0:00:03]} Rd3 {[%emt 0:01:29]} 48. h4 {[%emt 0:00:59]} Ra3 {[%emt 0:00:52]} 49. g3 {[%emt 0:00:14]} Rd3 {[%emt 0:01:14]} 50. Kg2 {[%emt 0:00:04]} Ra3 {[%emt 0:00:05]} 51. Kh3 {[%emt 0:00:04]} Ra4 {[%emt 0:00:05]} 52. Rg7 {[%emt 0:00:26]} Ra6 {[%emt 0:00:11]} 53. Kg4 {[%emt 0:00:02]} 1-0

[Event "FRA-ch Youth U20 2019"]
[Site "Hyeres"]
[Date "2019.04.16"]
[Round "4.3"]
[White "Philippe, Guillaume"]
[Black "Naillou, Thomas"]
[Result "1-0"]
[WhiteElo "2352"]
[BlackElo "1957"]
[Annotator "NA"]
[PlyCount "67"]
[EventDate "2019.04.14"]
[EventType "swiss"]
[EventCountry "FRA"]
[SourceTitle "playchess.com"]
[Source "ChessBase"]
[SourceQuality "1"]
[TimeControl "5400+30"]

1. e4 {[%emt 0:00:00]} c5 {[%emt 0:00:00]} 2. a3 {[%emt 0:00:00]} e6 {[%emt 0:00:50]} 3. b4 {[%emt 0:00:20]} cxb4 {[%emt 0:04:45]} 4. axb4 {[%emt 0:00:11]} d5 {[%emt 0:00:13]} 5. exd5 {[%emt 0:02:05]} Qxd5 {[%emt 0:01:36]} 6. c3 {[%emt 0:03:31]} Nf6 {[%emt 0:02:15]} 7. Nf3 {[%emt 0:00:13]} Be7 {[%emt 0:02:57]} 8. Be2 {[%emt 0:00:22]} O-O {[%emt 0:02:14]} 9. O-O {[%emt 0:00:31]} b6 {[%emt 0:01:20]} 10. Na3 {[%emt 0:00:25]} Nc6 {[%emt 0:09:14]} 11. Nc4 {[%emt 0:01:39]} Bb7 {[%emt 0:04:28]} 12. d4 {[%emt 0:00:19]} Ne4 {[%emt 0:02:27]} 13. Qd3 {[%emt 0:00:30]} f5 {[%emt 0:02:32]} 14. Ne3 {[%emt 0:01:59]} Qd6 {[%emt 0:02:51]} 15. b5 {[%emt 0:01:37]} Na5 {[%emt 0:02:06]} 16. c4 {[%emt 0:00:15]} Rad8 {[%emt 0:02:09]} 17. Qc2 {[%emt 0:01:55]} Rc8 {[%emt 0:04:56]} 18. Bb2 {[%emt 0:05:54]} Qc7 {[%emt 0:04:46]} 19. Rfc1 {[%emt 0:06:06]} g5 {[%emt 0:03:06]} 20. Ne5 {[%emt 0:01:24]} Bd6 {[%emt 0:01:48]} 21. Bf3 {[%emt 0:01:25]} Bxe5 {[%emt 0:03:24]} 22. dxe5 {[%emt 0:00:05]} Nc5 {[%emt 0:01:02]} 23. Bxb7 {[%emt 0:00:21]} Qxb7 {[%emt 0:00:58]} 24. Rd1 {[%emt 0:00:08]} Rfd8 {[%emt 0:04:15]} 25. Rd6 {[%emt 0:05:14]} Ne4 {[%emt 0:02:16]} 26. Rad1 {[%emt 0:04:03]} Nxd6 {[%emt 0:07:18]} 27. exd6 {[%emt 0:00:04]} Rc5 {[%emt 0:00:27]} 28. Qc3 {[%emt 0:01:32]} e5 {[%emt 0:00:23]} 29. Ba3 {[%emt 0:00:05]} Qc8 {[%emt 0:00:21]} 30. Bxc5 {[%emt 0:00:36]} Qxc5 {[%emt 0:01:33]} 31. Rd5 {[%emt 0:00:04]} Qc8 {[%emt 0:00:10]} 32. c5 {[%emt 0:00:21]} f4 {[%emt 0:03:10]} 33. Qxe5 {[%emt 0:00:56]} fxe3 {[%emt 0:01:40]} 34. Qxg5+ {[%emt 0:00:05]} 1-0

[Event "FRA-ch Youth U20 2019"]
[Site "Hyeres"]
[Date "2019.04.16"]
[Round "4.4"]
[White "De Lussac, Rainier"]
[Black "Guerlach, Keigo"]
[Result "1/2-1/2"]
[WhiteElo "2152"]
[BlackElo "2071"]
[Annotator "NA"]
[PlyCount "65"]
[EventDate "2019.04.14"]
[EventType "swiss"]
[EventCountry "FRA"]
[SourceTitle "playchess.com"]
[Source "ChessBase"]
[SourceQuality "1"]
[TimeControl "5400+30"]

1. d4 {[%emt 0:00:39]} d5 {[%emt 0:00:00]} 2. c4 {[%emt 0:00:37]} e6 {[%emt 0:00:00]} 3. Nc3 {[%emt 0:00:37]} c6 {[%emt 0:00:02]} 4. Nf3 {[%emt 0:01:08]} dxc4 {[%emt 0:00:47]} 5. a4 {[%emt 0:04:56]} Bb4 {[%emt 0:00:40]} 6. e4 {[%emt 0:02:40]} b5 {[%emt 0:27:43]} 7. Bd2 {[%emt 0:06:47]} a5 {[%emt 0:06:21]} 8. axb5 {[%emt 0:05:32]} Bxc3 {[%emt 0:00:10]} 9. bxc3 {[%emt 0:02:45]} cxb5 {[%emt 0:00:24]} 10. Qb1 {[%emt 0:00:13]} Bd7 {[%emt 0:03:54]} 11. Be2 {[%emt 0:00:28]} Ne7 {[%emt 0:02:01]} 12. Bd1 {[%emt 0:06:41]} O-O {[%emt 0:02:50]} 13. O-O {[%emt 0:03:41]} Qb6 {[%emt 0:06:36]} 14. Ne5 {[%emt 0:09:20]} Rc8 {[%emt 0:06:26]} 15. Bc2 {[%emt 0:06:06]} f6 {[%emt 0:05:55]} 16. Nxd7 {[%emt 0:11:26]} Nxd7 {[%emt 0:00:01]} 17. Be3 {[%emt 0:03:31]} Qb7 {[%emt 0:03:18]} 18. d5 {[%emt 0:07:01]} e5 {[%emt 0:00:01]} 19. Bd1 {[%emt 0:01:37]} Nf8 {[%emt 0:06:47]} 20. f4 {[%emt 0:01:30]} exf4 {[%emt 0:06:32]} 21. Bxf4 {[%emt 0:02:52]} Neg6 {[%emt 0:00:25]} 22. Bg3 {[%emt 0:04:44]} Ne5 {[%emt 0:20:07]} 23. Bxe5 {[%emt 0:02:54]} fxe5 {[%emt 0:00:00]} 24. Bg4 {[%emt 0:14:15]} Rcb8 {[%emt 0:00:00]} 25. Qd1 {[%emt 0:00:00]} b4 {[%emt 0:00:00]} 26. cxb4 {[%emt 0:00:00]} axb4 {[%emt 0:00:00]} 27. Rxa8 {[%emt 0:00:00]} Rxa8 {[%emt 0:00:00]} 28. d6 {[%emt 0:00:00]} Rd8 {[%emt 0:00:00]} 29. d7 {[%emt 0:00:00]} Qxe4 {[%emt 0:01:12]} 30. Rxf8+ {[%emt 0:00:00]} Kxf8 {[%emt 0:00:01]} 31. Qd6+ {[%emt 0:00:00]} Kg8 {[%emt 0:00:01]} 32. Qe6+ {[%emt 0:02:18]} Kf8 {[%emt 0:00:01]} 33. Qd6+ {[%emt 0:00:48]} 1/2-1/2